American Late Night Talk Show Hosts - Statistics

General Stats
  • This quiz has been taken 254 times
    248 since last reset
  • The average score is 7 of 11
Answer Stats
Show Host % Correct
The Tonight Show Starring _____ _____ Jimmy Fallon
97%
______ ______ Live! Jimmy Kimmel
91%
The Late Late Show with _____ _____ James Corden
78%
The Late Show with _____ ______ Stephen Colbert
76%
______ (Host's Name) Conan O'Brien
75%
The Daily Show Trevor Noah
66%
Last Week Tonight with _____ ______ John Oliver
61%
Late Night With _____ ______ Seth Meyers
61%
Real Time with _____ ______ Bill Maher
43%
Last Call with _____ _____ Carson Daly
30%
Join or Die with _____ ______ Craig Ferguson
15%
No matching quizzes found
Score Distribution
Percent of People with Each Score
Percentile by Number Answered
Your Score History
You have not taken this quiz since the last reset